Công tác Bê tông trong điều kiện khí hậu nóng ẩm Việt Nam : (Sách dùng cho thiết kế, thi công, kiểm tra chất lượng công trình bê tông và bê tông cốt thép, nghiên cứu khoa học, đào tạo Đại học và sau Đại học chuyên ngành Xây dựng)

Cuốn sách giới thiệu một số kết quả nghiên cứu và kinh nghiệm thực tế về nâng cao chất lượng và xử lý sự cố công trình bê tông chịu tác động thường xuyên và dài ngày của các điều kiện khí hậu nóng ẩm Việt Nam...

Volledige beschrijving

Bewaard in:
Bibliografische gegevens
Hoofdauteur: Nguyễn, Tiến Đích
Formaat: Boek
Taal:Undetermined
Gepubliceerd in: Hà Nội Xây dựng 2006
Onderwerpen:
Tags: Voeg label toe
Geen labels, Wees de eerste die dit record labelt!
Thư viện lưu trữ: Trung tâm Học liệu Trường Đại học Cần Thơ
LEADER 01230nam a2200217Ia 4500
001 CTU_118746
008 210402s9999 xx 000 0 und d
020 |c 40000 
082 |a 624.1834 
082 |b Đ302 
100 |a Nguyễn, Tiến Đích 
245 0 |a Công tác Bê tông trong điều kiện khí hậu nóng ẩm Việt Nam : 
245 0 |b (Sách dùng cho thiết kế, thi công, kiểm tra chất lượng công trình bê tông và bê tông cốt thép, nghiên cứu khoa học, đào tạo Đại học và sau Đại học chuyên ngành Xây dựng) 
245 0 |c Nguyễn Tiến Đích 
260 |a Hà Nội 
260 |b Xây dựng 
260 |c 2006 
520 |a Cuốn sách giới thiệu một số kết quả nghiên cứu và kinh nghiệm thực tế về nâng cao chất lượng và xử lý sự cố công trình bê tông chịu tác động thường xuyên và dài ngày của các điều kiện khí hậu nóng ẩm Việt Nam 
650 |a Concrete construction 
904 |i Hiếu 
980 |a Trung tâm Học liệu Trường Đại học Cần Thơ